00652nam a2200193Ia 4500008004100000020001500041082001700056100001400073245005200087250000900139260002800148300000800176500002400184650001600208942000700224952010600231952010600337999001500443230524s9999 xx 000 0 und d a8174091475 a621.384bMAI aA.K.Maini 0aDigital Electronics Principles and Applications a20TH aNEW DELHIbKhannac2005 a540 aQuantity Number: 2 aElectronics cBK 00104070aTATCLbTATCLcGENd2023-05-24l0o621.384 MAIp6018r2023-05-24w2023-05-24yBKzCPEC5203 00104070aTATCLbTATCLcGENd2023-05-24l0o621.384 MAIp6019r2023-05-24w2023-05-24yBKzCPEC5203 c7598d7598